00471nam a2200181Ia 4500003000400000005001700004008004000021020001500061040000700076041000800083082001500091100001400106245005400120260003800174300001200212650004800224700001700272OSt20251028131643.0210210b1995 xxu||||| |||| 00| 0 eng d a0333599594 cAL aeng a820.9 PECF aJohn Peck aFrankensteinb: New casebooks ed by Fred Botting aLondonbMacmillan Press Ltdc1995 aix,271p aFrankenstein critical Essays New Case Books aMartin Coyle